Wszyscy zwycięzcy Ligi Angielskiej - Statystyki

Ogólne statystyki
  • Ten quiz został rozwiązany 82 razy
  • Średni wynik to 93 z 125
Statystyki odpowiedzi
Rok Klub % Poprawnych
1901 | 1906 | 1922 | +16 others Liverpool
99%
1937 | 1968 | 2012 | +7 others Manchester City
99%
1908 | 1911 | 1952 | +17 others Manchester United
99%
1955 | 2005 | 2006 | +3 others Chelsea
97%
1931 | 1933 | 1934 | +10 others Arsenal
96%
1951 | 1961 Tottenham Hotspur
88%
2016 Leicester City
87%
1894 | 1896 | 1897 | +4 others Aston Villa
76%
1891 | 1915 | 1928 | +6 others Everton
66%
1978 Nottingham Forest
66%
1905 | 1907 | 1909 | 1927 Newcastle United
61%
1912 | 1914 | 1995 Blackburn Rovers
46%
1969 | 1974 | 1992 Leeds United
43%
1892 | 1893 | 1895 | +3 others Sunderland
39%
1898 Sheffield United
31%
1954 | 1958 | 1959 Wolverhampton Wanderers
30%
1972 | 1975 Derby County
24%
1962 Ipswich Town
24%
1930 Sheffield Wednesday
21%
1903 | 1904 | 1929 The Wednesday
21%
1921 | 1960 Burnley
19%
1920 West Bromwich Albion
16%
1949 | 1950 Portsmouth
13%
1889 | 1890 Preston North End
12%
1924 | 1925 | 1926 Huddersfield Town
10%
Nie znaleziono quizów pasujących do podanych kryteriów
Rozkład punktacji
Procent ludzi z każdym wynikiem
Percentyl według liczby udzielonych odpowiedzi
Twoja historia wyników
Nie rozwiązałeś tego quizu